00481nam a2200157Ia 45000010006000000050017000060080041000230410008000640820015000721000034000872450170001212600009002913000007003006500008003076540008003152001320260306172735.0260306t2015||||xx |||||||||||||| ||spa|| aESP a342.2bV19 aValdivia Aguilar, TrilceeAUT 0aOrientación sexual y discriminación en el sistema interamericano de derechos humanos:buna valoración crítica de la sentencia Atala Riffo y niñas vs. Chile c2015 ac aGEN aCDE